Kto Strzelił Wtedy Bramkę [Liga Mistrzów] cz.2 - Statystyki

Ogólne statystyki
  • Ten quiz został rozwiązany 190 razy
  • Średni wynik to 16 z 21
Statystyki odpowiedzi
Rok\ drużyny\ faza \ wynik Zawodnik % Poprawnych
2020/ FC Barcelona 2-8 Bayern / Ćwierćfinał 2-6 Robert Lewandowski
94%
2020/ FC Barcelona 2-8 Bayern / Ćwierćfinał 0-1 Thomas Muller
92%
2020/ FC Barcelona 2-8 Bayern / Ćwierćfinał 1-4 Thomas Muller
92%
2022/ Real Madryt 3-1 Manchester City / Półfinał/ 3-1 Karim Benzema
91%
2022/ Real Madryt 3-1 Manchester City / Półfinał/ 1-1 Rodrygo
88%
2022/ Real Madryt 3-1 Manchester City / Półfinał/ 2-1 Rodrygo
88%
2009 / Chelsea 1-1 FC Barcelona / Półfinał/ 1-1 Andres Iniesta
81%
2020/ FC Barcelona 2-8 Bayern / Ćwierćfinał 2-4 Luis Suarez
80%
2019 / Ajax Amsterdam 2-3 Tottenham / Półfinał/ 2-1 Lucas Moura
75%
2019 / Ajax Amsterdam 2-3 Tottenham / Półfinał/ 2-2 Lucas Moura
75%
2019 / Ajax Amsterdam 2-3 Tottenham / Półfinał/ 2-3 Lucas Moura
75%
2020/ FC Barcelona 2-8 Bayern / Ćwierćfinał 2-7 Philippe Coutinho
74%
2020/ FC Barcelona 2-8 Bayern / Ćwierćfinał 2-8 Philippe Coutinho
74%
2020/ FC Barcelona 2-8 Bayern / Ćwierćfinał 1-3 Serge Gnabry
74%
2020/ FC Barcelona 2-8 Bayern / Ćwierćfinał 1-1 (GS) David Alaba
72%
2020/ FC Barcelona 2-8 Bayern / Ćwierćfinał 2-5 Joshua Kimmich
70%
2022/ Real Madryt 3-1 Manchester City / Półfinał/ 0-1 Riyad Mahrez
63%
2019 / Ajax Amsterdam 2-3 Tottenham / Półfinał/ 1-0 de Ligt
54%
2009 / Chelsea 1-1 FC Barcelona / Półfinał/ 1-0 Michael Essien
48%
2020/ FC Barcelona 2-8 Bayern / Ćwierćfinał 1-2 Ivan Perisic
47%
2019 / Ajax Amsterdam 2-3 Tottenham / Półfinał/ 2-0 Hakim Ziyech
44%
Nie znaleziono quizów pasujących do podanych kryteriów
Rozkład punktacji
Procent ludzi z każdym wynikiem
Percentyl według liczby udzielonych odpowiedzi
Twoja historia wyników
Nie rozwiązałeś tego quizu